Countries in Tomfoolery #1 - Statistics

General Stats
  • This quiz has been taken 3 times
  • The average score is 8 of 14
Answer Stats
Normal Tomfoolery % Correct
Chad Tomchadery
100%
Malta Tomaltery
67%
Belarus Tombelarusery
67%
Ecuador Tomecuadery
67%
Guatemala Tomguatemalery
67%
India Tomindery
67%
Laos Tomlaosery
67%
Lesotho Tomlesothery
67%
Serbia Tomserbery
67%
Mauritania Tomauritanery
33%
Kazakhstan Tomkazakhstanery
33%
Palau Tompalery
33%
Togo Tomtogery
33%
United States Tomunited-statesery
33%
No matching quizzes found
Score Distribution
Percent of People with Each Score
Percentile by Number Answered
Your Score History
You have not taken this quiz